ဇီဝိတဒါနသံဃာ့ဆေးရုံကြီး(ရန်ကုန်) ၂၀၁၀ ခုနှစ်ကျပ်တစ်သိန်းနှင့်အထက်ပဒေသာပင်အလှူရှင်များမော်ကွန်းမှတ်တမ်း။ (Record no. 16817)
[ view plain ]
| 000 -LEADER | |
|---|---|
| fixed length control field | 00749nam a2200181Ia 4500 |
| 003 - CONTROL NUMBER IDENTIFIER | |
| control field | OSt |
| 005 - DATE AND TIME OF LATEST TRANSACTION | |
| control field | 20251208090340.0 |
| 007 - PHYSICAL DESCRIPTION FIXED FIELD--GENERAL INFORMATION | |
| fixed length control field | ca aa aaaaa |
| 008 - FIXED-LENGTH DATA ELEMENTS--GENERAL INFORMATION | |
| fixed length control field | 201103s9999 xx 000 0 und d |
| 040 ## - CATALOGING SOURCE | |
| Transcribing agency | SSBUL |
| 041 ## - LANGUAGE CODE | |
| Language code of text/sound track or separate title | Myanmar |
| 082 ## - DEWEY DECIMAL CLASSIFICATION NUMBER | |
| Classification number | ၂၉၄.၃၆၁၁ |
| Item number | ဇီ |
| 245 #0 - TITLE STATEMENT | |
| Title | ဇီဝိတဒါနသံဃာ့ဆေးရုံကြီး(ရန်ကုန်) ၂၀၁၀ ခုနှစ်ကျပ်တစ်သိန်းနှင့်အထက်ပဒေသာပင်အလှူရှင်များမော်ကွန်းမှတ်တမ်း။ |
| 300 ## - PHYSICAL DESCRIPTION | |
| Extent | ၃၉၈ စာမျက်နှာ ၊ |
| Dimensions | ၂၀ စင်တီ။ |
| 500 ## - GENERAL NOTE | |
| General note | S-SAT: Dr. Sai Aung Tun |
| 942 ## - ADDED ENTRY ELEMENTS (KOHA) | |
| Koha item type | Book (Short term) |
| Source of classification or shelving scheme | |
| Withdrawn status | Lost status | Source of classification or shelving scheme | Damaged status | Not for loan | Collection Code | Permanent Location | Current Location | Shelving location | Date acquired | Total Checkouts | Full call number | Barcode | Date last seen | Price effective from | Koha item type | Accession |
|---|---|---|---|---|---|---|---|---|---|---|---|---|---|---|---|---|
| Special Collections | Shan State Buddhist University Library | Shan State Buddhist University Library | Special Collection Shelves | 15/02/2023 | ၂၉၄.၃၆၁၁ ဇီ ၉၃၀၂ S-SAT | MB00009302 | 15/02/2023 | 15/02/2023 | Book (Short term) | ၉၃၀၂ S-SAT |